| 000 | 00599nam a2200181Ia 4500 | ||
|---|---|---|---|
| 001 | 10681 | ||
| 005 | 20260306161850.0 | ||
| 008 | 260306t1998||||xx |||||||||||||| ||spa|| | ||
| 041 | _aESP | ||
| 082 |
_a946.072 _bM42 |
||
| 100 |
_aMenéndez Pelayo, Marcelino [1856-1912] _eAUT |
||
| 245 | 0 |
_aHistoria de los heterodoxos españoles: _bregalismo y enciclopedia. Los afrancesados y las cortes de Cádiz. Reinados de Fernando VII e Isabel II. Krausismo y apologistas católicas |
|
| 260 | _c1998 | ||
| 300 |
_a546 páginas : _c22 cm. |
||
| 650 | _aGEN | ||
| 654 | _aCHU | ||
| 942 |
_cLIB _dJUS _fJUS _2ddc _n |
||
| 999 |
_c10681 _d10681 |
||